[Event "Quebec op"]
[Site "Montreal CAN"]
[Date "2004.07.19"]
[Round "3"]
[White "Barbeau, Sylvain"]
[Black "Rosen, Matthew"]
[Result "0-1"]
[WhiteElo "2404"]
[BlackElo "2201"]
[PlyCount "62"]
[GameId "2160767911095031"]
[EventDate "2004.07.17"]
[EventType "swiss"]
[EventRounds "9"]
[EventCountry "CAN"]
[SourceTitle "CBM 101 Extra"]
[Source "ChessBase"]
[SourceDate "2004.09.01"]
[SourceVersion "2"]
[SourceVersionDate "2004.09.01"]
[SourceQuality "1"]

1. e4 c5 2. Nf3 d6 3. d4 cxd4 4. Nxd4 Nf6 5. Nc3 a6 6. f4 e6 7. Qf3 Qc7 8. Be3 b5 9. Bd3 Nbd7 10. g4 Nc5 11. g5 b4 12. Nce2 Nfd7 13. O-O Bb7 14. a3 d5 15. e5 Ne4 16. axb4 Bxb4 17. c3 Be7 18. Qh3 g6 19. Rfc1 Bc5 20. b4 Bxd4 21. Nxd4 Qd8 22. b5 Ndc5 23. Bf1 O-O 24. Qg2 Qd7 25. Qb2 axb5 26. Bxb5 Qc7 27. Qb4 Rfc8 28. Ne2 Qb6 29. Bd4 Qc7 30. Rxa8 Rxa8 31. Qb2 Bc6 0-1

[Event "Quebec op"]
[Site "Montreal CAN"]
[Date "2004.07.19"]
[Round "3"]
[White "Fillion, Steve"]
[Black "Tremblay, Alain"]
[Result "1-0"]
[WhiteElo "2169"]
[BlackElo "2012"]
[PlyCount "87"]
[GameId "2160767911095032"]
[EventDate "2004.07.17"]
[EventType "swiss"]
[EventRounds "9"]
[EventCountry "CAN"]
[SourceTitle "CBM 101 Extra"]
[Source "ChessBase"]
[SourceDate "2004.09.01"]
[SourceVersion "2"]
[SourceVersionDate "2004.09.01"]
[SourceQuality "1"]

1. d4 Nf6 2. Nf3 d6 3. Bf4 g6 4. h3 Bg7 5. e3 O-O 6. Be2 Nbd7 7. O-O c6 8. c4 Qe8 9. Nc3 e5 10. Bh2 Qe7 11. Qc2 e4 12. Nd2 Re8 13. Rae1 a6 14. f3 d5 15. fxe4 Nxe4 16. Ncxe4 dxe4 17. c5 f5 18. Nc4 Nf6 19. Nb6 Be6 20. Nxa8 Rxa8 21. Be5 Nd5 22. Bxg7 Nxe3 23. Qc1 Qg5 24. Rf2 Kxg7 25. Bg4 fxg4 26. Qxe3 Qxe3 27. Rxe3 Bd5 28. hxg4 Re8 29. b3 h6 30. Kh2 Re7 31. Kg3 Re8 32. Kh4 Bf7 33. g5 h5 34. Rf6 Bd5 35. Kg3 Re7 36. Kf4 Re8 37. Re2 Re7 38. Ke3 Re8 39. Ref2 Re7 40. Rd6 Bf7 41. Rff6 Kh7 42. Rd8 Kg7 43. Rfd6 Be8 44. Rxe8 1-0

[Event "Quebec op"]
[Site "Montreal CAN"]
[Date "2004.07.19"]
[Round "3"]
[White "Gagnon, Michel"]
[Black "Barsov, Alexei"]
[Result "0-1"]
[WhiteElo "2070"]
[BlackElo "2497"]
[PlyCount "100"]
[GameId "2160767911095033"]
[EventDate "2004.07.17"]
[EventType "swiss"]
[EventRounds "9"]
[EventCountry "CAN"]
[SourceTitle "CBM 101 Extra"]
[Source "ChessBase"]
[SourceDate "2004.09.01"]
[SourceVersion "2"]
[SourceVersionDate "2004.09.01"]
[SourceQuality "1"]

1. d4 Nf6 2. Nf3 d5 3. e3 g6 4. Bd3 Bg7 5. Nbd2 O-O 6. O-O c5 7. c3 Qc7 8. Ne5 b6 9. f4 Ba6 10. Qe2 Bxd3 11. Qxd3 Nbd7 12. Ndf3 c4 13. Qc2 Ne4 14. Nxd7 Qxd7 15. Nd2 Nd6 16. e4 dxe4 17. Nxe4 f5 18. Nf2 b5 19. Qe2 a5 20. Bd2 Rab8 21. Rae1 Bf6 22. a3 Rf7 23. Qf3 Qb7 24. Qxb7 Rxb7 25. Re2 Rf8 26. g3 Kf7 27. Rd1 Rd8 28. Be1 Nc8 29. Kg2 Nb6 30. Nh3 Nd5 31. Ng1 b4 32. axb4 axb4 33. cxb4 Nxb4 34. Bxb4 Rxb4 35. Nf3 h6 36. h4 Rd6 37. Rdd2 Rbb6 38. Ne5+ Bxe5 39. dxe5 Rd3 40. Rxd3 cxd3 41. Rd2 Ke6 42. Kf3 Kd5 43. Ke3 Kc4 44. h5 gxh5 45. Rf2 d2 46. Ke2 Rxb2 47. Rf3 Rb3 48. Rf1 Rd3 49. Kd1 Kc3 50. Rg1 Re3 0-1

[Event "Quebec op"]
[Site "Montreal CAN"]
[Date "2004.07.19"]
[Round "3"]
[White "Gravel, Simon M"]
[Black "Trinh, Tri Bao"]
[Result "1-0"]
[WhiteElo "2256"]
[BlackElo "2043"]
[PlyCount "63"]
[GameId "2160767911095034"]
[EventDate "2004.07.17"]
[EventType "swiss"]
[EventRounds "9"]
[EventCountry "CAN"]
[SourceTitle "CBM 101 Extra"]
[Source "ChessBase"]
[SourceDate "2004.09.01"]
[SourceVersion "2"]
[SourceVersionDate "2004.09.01"]
[SourceQuality "1"]

1. e4 d6 2. d4 Nf6 3. Nc3 g6 4. Be3 c6 5. Qd2 Nbd7 6. O-O-O Ng4 7. Bg5 h6 8. Bh4 g5 9. Bg3 Qa5 10. h4 gxh4 11. Rxh4 h5 12. Bc4 Nb6 13. Bb3 Be6 14. d5 cxd5 15. exd5 Bf5 16. Nge2 Bg7 17. f3 Ne5 18. Kb1 Rc8 19. Nd4 Bg6 20. Qe2 Bf6 21. Rh2 Nec4 22. Ncb5 Kf8 23. Be1 Qa6 24. Bh4 Bxh4 25. Rxh4 Rc5 26. Re1 Rxb5 27. Nxb5 Qxb5 28. Bxc4 Qd7 29. Qd2 Qf5 30. Ree4 Nxc4 31. Rxc4 Qd7 32. Qc3 1-0

[Event "Quebec op"]
[Site "Montreal CAN"]
[Date "2004.07.19"]
[Round "3"]
[White "Kortschnoj, Viktor Lvovich"]
[Black "Burnett, Ronald"]
[Result "1/2-1/2"]
[WhiteElo "2568"]
[BlackElo "2439"]
[PlyCount "75"]
[GameId "2160767911095035"]
[EventDate "2004.07.17"]
[EventType "swiss"]
[EventRounds "9"]
[EventCountry "CAN"]
[SourceTitle "CBM 101 Extra"]
[Source "ChessBase"]
[SourceDate "2004.09.01"]
[SourceVersion "2"]
[SourceVersionDate "2004.09.01"]
[SourceQuality "1"]

1. d4 Nf6 2. c4 e6 3. Nc3 Bb4 4. Qc2 O-O 5. a3 Bxc3+ 6. Qxc3 b6 7. Bg5 Bb7 8. f3 h6 9. Bh4 d5 10. e3 Nbd7 11. cxd5 Nxd5 12. Bxd8 Nxc3 13. Bh4 Nd5 14. Bf2 f5 15. Bc4 Kh7 16. Ne2 e5 17. Rc1 Rac8 18. O-O e4 19. fxe4 fxe4 20. Ng3 N7f6 21. h3 a5 22. Rc2 Ra8 23. Rfc1 Ba6 24. Bxa6 Rxa6 25. Rc6 Raa8 26. Nf1 Ng8 27. Bg3 Rf6 28. Rxf6 Ngxf6 29. Kf2 Re8 30. Ke2 Re7 31. Nd2 Kg8 32. Nc4 Kf8 33. Ne5 Re6 34. b4 axb4 35. axb4 Re8 36. Nc6 Kf7 37. Ne5+ Kf8 38. Ng6+ 1/2-1/2

[Event "Quebec op"]
[Site "Montreal CAN"]
[Date "2004.07.19"]
[Round "3"]
[White "Luksza, Arkadiusz"]
[Black "Boulay, David"]
[Result "1-0"]
[WhiteElo "2104"]
[BlackElo "2044"]
[PlyCount "107"]
[GameId "2160767911095036"]
[EventDate "2004.07.17"]
[EventType "swiss"]
[EventRounds "9"]
[EventCountry "CAN"]
[SourceTitle "CBM 101 Extra"]
[Source "ChessBase"]
[SourceDate "2004.09.01"]
[SourceVersion "2"]
[SourceVersionDate "2004.09.01"]
[SourceQuality "1"]

1. d4 Nf6 2. c4 g6 3. Nc3 d5 4. Nf3 Bg7 5. Bf4 c6 6. e3 Be6 7. cxd5 Nxd5 8. Be5 Bxe5 9. Nxe5 Nd7 10. Nd3 Qa5 11. Qd2 Nxc3 12. bxc3 Bc4 13. Be2 e5 14. O-O O-O 15. Rab1 Rab8 16. Rb2 Rfe8 17. Qc2 Bxd3 18. Bxd3 Nb6 19. Rd1 Re7 20. Rb3 Nc8 21. Qb2 Qc7 22. Be2 exd4 23. cxd4 Qd6 24. Qc3 Rd7 25. h3 Ne7 26. Bg4 f5 27. Bf3 Rbd8 28. Rdb1 b6 29. Rc1 Rc8 30. Qc4+ Kg7 31. Rbc3 c5 32. dxc5 Rxc5 33. Qb3 Rdc7 34. Rxc5 bxc5 35. Rd1 Qb6 36. Qc3+ Qf6 37. Qc4 Qe5 38. g3 Nc8 39. Rd8 Ne7 40. Kg2 Qf6 41. h4 h6 42. Ra8 g5 43. Rb8 g4 44. Bd1 Qf7 45. Qf4 Ng6 46. Qa4 c4 47. Qa5 h5 48. Bc2 c3 49. Rb5 Rc8 50. Rxf5 Qc7 51. Rg5 Qxa5 52. Rxa5 Rc7 53. Rxh5 Kf6 54. Rh6 1-0

[Event "Quebec op"]
[Site "Montreal CAN"]
[Date "2004.07.19"]
[Round "3"]
[White "Moisan-Plante, Marc-Olivier"]
[Black "Chabot, Roland"]
[Result "0-1"]
[WhiteElo "2164"]
[BlackElo "2267"]
[PlyCount "130"]
[GameId "2160767911095037"]
[EventDate "2004.07.17"]
[EventType "swiss"]
[EventRounds "9"]
[EventCountry "CAN"]
[SourceTitle "CBM 101 Extra"]
[Source "ChessBase"]
[SourceDate "2004.09.01"]
[SourceVersion "2"]
[SourceVersionDate "2004.09.01"]
[SourceQuality "1"]

1. e4 c5 2. Nf3 e6 3. d4 cxd4 4. Nxd4 Nf6 5. Nc3 d6 6. f4 a6 7. Qf3 Qb6 8. Nb3 Qc7 9. g4 b5 10. g5 b4 11. Nb5 axb5 12. gxf6 Qb7 13. Nd4 Bd7 14. f5 exf5 15. fxg7 Bxg7 16. Nxf5 Be5 17. Bf4 Bxf5 18. Bxe5 Bxe4 19. Qf6 Rg8 20. Bxd6 Nc6 21. Bh3 Qa7 22. Rf1 Qe3+ 23. Kd1 Bxc2+ 24. Kxc2 Nd4+ 25. Qxd4 Qxd4 26. Rfe1+ Kd8 27. Rad1 Qc4+ 28. Kb1 Qxa2+ 29. Kc2 Rc8+ 30. Bxc8 Rg2+ 31. Kd3 Kxc8 32. Be5 Qb3+ 33. Kd4 Rg4+ 34. Kc5 Qc4+ 35. Kb6 Rg6+ 36. Ka5 Qa2+ 37. Kxb5 Qa6+ 38. Kxb4 Rb6+ 39. Kc3 Rc6+ 40. Kd2 Qa4 41. Rc1 Qb4+ 42. Kd3 Qb5+ 43. Ke4 Rc4+ 44. Rxc4+ Qxc4+ 45. Kf3 f6 46. Bc3 h5 47. h3 Qh4 48. Ke2 Qg5 49. Kf2 Qf4+ 50. Ke2 Qh2+ 51. Kd3 Qxh3+ 52. Kc4 Qg4+ 53. Kd5 Kd7 54. b4 Qf5+ 55. Kc4 Kd6 56. Kb3 h4 57. Rd1+ Ke6 58. Re1+ Kf7 59. Re3 h3 60. Re2 Qd5+ 61. Kc2 Qh5 62. Rh2 Qh4 63. b5 Qg3 64. Rd2 h2 65. Rd7+ Ke6 0-1

[Event "Quebec op"]
[Site "Montreal CAN"]
[Date "2004.07.19"]
[Round "3"]
[White "Moskvitch, Andrei"]
[Black "Gilman, Arkadiy"]
[Result "1-0"]
[WhiteElo "2179"]
[BlackElo "2235"]
[PlyCount "39"]
[GameId "2160767911095038"]
[EventDate "2004.07.17"]
[EventType "swiss"]
[EventRounds "9"]
[EventCountry "CAN"]
[SourceTitle "CBM 101 Extra"]
[Source "ChessBase"]
[SourceDate "2004.09.01"]
[SourceVersion "2"]
[SourceVersionDate "2004.09.01"]
[SourceQuality "1"]

1. e4 e6 2. d3 d5 3. Nd2 Nf6 4. Ngf3 b6 5. g3 Bb7 6. e5 Nfd7 7. Bg2 c5 8. O-O Nc6 9. Re1 g5 10. c4 Nb4 11. cxd5 Bxd5 12. Ne4 h6 13. a3 Nc6 14. Nd6+ Bxd6 15. exd6 Nf8 16. d4 c4 17. Ne5 Bxg2 18. Kxg2 Qxd6 19. Qf3 Rc8 20. Qxf7+ 1-0

[Event "Quebec op"]
[Site "Montreal CAN"]
[Date "2004.07.19"]
[Round "3"]
[White "Robichaud, Louis"]
[Black "Rousseau, Daniel"]
[Result "1-0"]
[WhiteElo "2080"]
[BlackElo "2109"]
[PlyCount "71"]
[GameId "2160767911095039"]
[EventDate "2004.07.17"]
[EventType "swiss"]
[EventRounds "9"]
[EventCountry "CAN"]
[SourceTitle "CBM 101 Extra"]
[Source "ChessBase"]
[SourceDate "2004.09.01"]
[SourceVersion "2"]
[SourceVersionDate "2004.09.01"]
[SourceQuality "1"]

1. e4 Nf6 2. e5 Nd5 3. c4 Nb6 4. d4 d6 5. f4 dxe5 6. fxe5 c5 7. d5 e6 8. Nc3 exd5 9. cxd5 c4 10. Nf3 Bg4 11. Be2 Bb4 12. O-O O-O 13. Ng5 Bxe2 14. Qxe2 Be7 15. Qh5 Bxg5 16. Bxg5 f6 17. exf6 gxf6 18. Bh4 N8d7 19. Ne4 Qe8 20. Qg4+ Qg6 21. Qe6+ Kg7 22. Nd6 Qh5 23. Qe7+ Kg8 24. Nf5 Rf7 25. Qe6 Nf8 26. Qe4 Ng6 27. g4 Qxh4 28. Nxh4 Nxh4 29. g5 fxg5 30. Rxf7 Kxf7 31. Qxh7+ Kf6 32. Qh6+ Kf5 33. Rf1+ Kg4 34. Qe6+ Kh5 35. Rf6 Rh8 36. Qe2+ 1-0

[Event "Quebec op"]
[Site "Montreal CAN"]
[Date "2004.07.19"]
[Round "4"]
[White "Arsenault, Nicolas"]
[Black "Wilkin, Alain"]
[Result "0-1"]
[WhiteElo "2173"]
[BlackElo "2049"]
[PlyCount "78"]
[GameId "2160767911095041"]
[EventDate "2004.07.17"]
[EventType "swiss"]
[EventRounds "9"]
[EventCountry "CAN"]

1. e4 c5 2. Nf3 d6 3. d4 cxd4 4. Nxd4 Nf6 5. Nc3 a6 6. f3 e5 7. Nb3 Be6 8. Be3 h5 9. Qd2 Nbd7 10. O-O-O Rc8 11. Kb1 Be7 12. Rg1 Qc7 13. Qf2 b5 14. Nd5 Nxd5 15. exd5 Bf5 16. Bd3 Bxd3 17. Rxd3 Bd8 18. f4 Qb7 19. Re1 Kf8 20. Rdd1 a5 21. fxe5 Nxe5 22. Bf4 Bb6 23. Qe2 Nc4 24. Nd2 Nxd2+ 25. Rxd2 Bc5 26. Qd3 Re8 27. Rde2 Rxe2 28. Rxe2 Qd7 29. Bg5 f6 30. Bd2 Kf7 31. Qe4 h4 32. h3 b4 33. Qf3 Bd4 34. Re6 Be5 35. Qg4 Qc8 36. Qe2 Qb7 37. Qf3 Qa6 38. b3 Qc8 39. Bc1 Qc3 0-1

[Event "Quebec op"]
[Site "Montreal CAN"]
[Date "2004.07.19"]
[Round "4"]
[White "Bachand-Fleurent, Julien"]
[Black "Marcone, Malcom"]
[Result "0-1"]
[WhiteElo "2265"]
[BlackElo "2010"]
[PlyCount "51"]
[GameId "2160767911095042"]
[EventDate "2004.07.17"]
[EventType "swiss"]
[EventRounds "9"]
[EventCountry "CAN"]

1. e4 e6 2. d4 d5 3. Nc3 Bb4 4. e5 Ne7 5. Qg4 c5 6. a3 Qa5 7. Bd2 cxd4 8. Nb1 Bxd2+ 9. Nxd2 O-O 10. O-O-O Nbc6 11. Ngf3 Qc7 12. Bd3 Ng6 13. Bxg6 fxg6 14. Nb3 d3 15. c3 Qb6 16. Nbd4 Na5 17. Ne1 Rxf2 18. Nxd3 Nc4 19. b3 Qa5 20. Nb5 Rc2+ 21. Kb1 Qxb5 22. Nb4 Nxa3+ 23. Ka1 Rxc3 24. Kb2 Re3 25. Qg5 Qxb4 26. Qd8+ 0-1

[Event "Quebec op"]
[Site "Montreal CAN"]
[Date "2004.07.19"]
[Round "4"]
[White "Berube, Antoine"]
[Black "Masse, Hugues"]
[Result "0-1"]
[WhiteElo "2104"]
[BlackElo "2231"]
[PlyCount "88"]
[GameId "2160767911095043"]
[EventDate "2004.07.17"]
[EventType "swiss"]
[EventRounds "9"]
[EventCountry "CAN"]

1. d4 Nf6 2. c4 g6 3. Nc3 d5 4. cxd5 Nxd5 5. e4 Nxc3 6. bxc3 Bg7 7. Bc4 c5 8. Ne2 Nc6 9. Be3 O-O 10. O-O Qc7 11. Rc1 Rd8 12. Bf4 Qd7 13. d5 Na5 14. Bd3 b6 15. Bg5 f6 16. Bh4 e5 17. f4 exf4 18. Nxf4 Qe7 19. Bg3 c4 20. Bb1 Nc6 21. d6 Qxd6 22. Qxd6 Rxd6 23. Nxg6 Ne5 24. Ne7+ Kh8 25. Bxe5 fxe5 26. Rcd1 Rxd1 27. Rxd1 Bg4 28. Rf1 Rd8 29. Nc6 Rd7 30. a4 a5 31. Ba2 Rc7 32. Nd8 Kg8 33. h3 Be2 34. Rf5 Rd7 35. Ne6 Bh6 36. Kh2 Rd2 37. Bxc4 Bxc4 38. Rxe5 Bxe6 39. Rxe6 Bf4+ 40. Kg1 Bg3 41. Kf1 Rf2+ 42. Kg1 Re2 43. Rf6 Rxe4 44. Rxb6 Re1# 0-1

[Event "Quebec op"]
[Site "Montreal CAN"]
[Date "2004.07.19"]
[Round "4"]
[White "Grenier, Jean-Pierre"]
[Black "Bolduc, Rene"]
[Result "1-0"]
[WhiteElo "1559"]
[BlackElo "1473"]
[PlyCount "72"]
[GameId "2160767911095044"]
[EventDate "2004.07.17"]
[EventType "swiss"]
[EventRounds "9"]
[EventCountry "CAN"]
[SourceTitle "EXT 2009"]
[Source "ChessBase"]
[SourceDate "2008.11.26"]
[SourceVersion "1"]
[SourceVersionDate "2008.11.26"]
[SourceQuality "1"]

1. d4 d5 2. c4 e6 3. Nf3 Nc6 4. Nc3 Nf6 5. Bg5 Be7 6. e3 O-O 7. Be2 a6 8. a3 Nd7 9. Bxe7 Nxe7 10. O-O dxc4 11. Bxc4 b5 12. Bd3 Bb7 13. Rc1 Rc8 14. b4 f5 15. Ng5 Rf6 16. f4 h6 17. Nh3 Nb6 18. Be2 Ned5 19. Nxd5 Nxd5 20. Rf3 Rg6 21. Bf1 Nb6 22. Rg3 Rxg3 23. hxg3 Qd5 24. Rc5 Qa2 25. Qc1 Nc4 26. Rxc4 bxc4 27. Qxc4 Qxc4 28. Bxc4 Kf7 29. Nf2 Ra8 30. Nd3 Bc8 31. Kf2 g5 32. d5 Ke7 33. Nc5 exd5 34. Bxd5 Ra7 35. e4 Kd6 36. e5+ Kxd5 1-0

[Event "Quebec op"]
[Site "Montreal CAN"]
[Date "2004.07.19"]
[Round "4"]
[White "Lawson, Eric"]
[Black "Dumouchel, Alain"]
[Result "1-0"]
[WhiteElo "2365"]
[BlackElo "2101"]
[PlyCount "63"]
[GameId "2160767911095046"]
[EventDate "2004.07.17"]
[EventType "swiss"]
[EventRounds "9"]
[EventCountry "CAN"]

1. e4 e5 2. Nf3 Nc6 3. Bc4 Nf6 4. d3 Be7 5. Bb3 O-O 6. O-O d5 7. exd5 Nxd5 8. Re1 Bf6 9. Nbd2 Bg4 10. h3 Bh5 11. Ne4 Nf4 12. Ng3 Bg6 13. d4 Nh5 14. Nxh5 Bxh5 15. g4 e4 16. gxh5 exf3 17. c3 Bxd4 18. cxd4 Nxd4 19. Re4 Ne2+ 20. Rxe2 fxe2 21. Qxe2 Re8 22. Be3 Qf6 23. Rc1 c6 24. Rc4 Re5 25. Qg4 Rf8 26. Bd4 Re1+ 27. Kg2 Qh6 28. Rc5 Kh8 29. Bxf7 Re7 30. Bb3 b6 31. Re5 Rc7 32. Re6 1-0

[Event "Quebec op"]
[Site "Montreal CAN"]
[Date "2004.07.19"]
[Round "4"]
[White "Libersan, Thierry"]
[Black "Moskvitch, Andrei"]
[Result "1/2-1/2"]
[WhiteElo "2016"]
[BlackElo "2142"]
[PlyCount "76"]
[GameId "2160767911095047"]
[EventDate "2004.07.17"]
[EventType "swiss"]
[EventRounds "9"]
[EventCountry "CAN"]

1. e4 c5 2. Nf3 d6 3. d4 cxd4 4. Nxd4 Nf6 5. Nc3 e6 6. g4 Nc6 7. g5 Nd7 8. Be3 a6 9. h4 Qc7 10. Qe2 b5 11. O-O-O Bb7 12. Bg2 Rc8 13. h5 Nxd4 14. Bxd4 b4 15. Nd5 Bxd5 16. exd5 e5 17. b3 Be7 18. Be3 O-O 19. Bh3 a5 20. Bf5 a4 21. Kb1 a3 22. g6 Bf6 23. Rh3 Kh8 24. Bc1 e4 25. Rg1 Qc5 26. Rd1 Rc7 27. h6 fxg6 28. hxg7+ Kxg7 29. Rxh7+ Kg8 30. Rxd7 Qc3 31. Be6+ Rf7 32. Bxf7+ Kf8 33. Bh6+ Bg7 34. Bxg7+ Kxg7 35. Bxg6+ Kf6 36. Rf7+ Rxf7 37. Kc1 Qb2+ 38. Kd2 Qc3+ 1/2-1/2

[Event "Quebec op"]
[Site "Montreal CAN"]
[Date "2004.07.19"]
[Round "4"]
[White "Milicevic, Goran"]
[Black "Audet-Bouchard, Nicolas"]
[Result "1-0"]
[WhiteElo "2386"]
[BlackElo "2079"]
[PlyCount "85"]
[GameId "2160767911095048"]
[EventDate "2004.07.17"]
[EventType "swiss"]
[EventRounds "9"]
[EventCountry "CAN"]

1. e4 e6 2. d4 d5 3. Nd2 dxe4 4. Nxe4 Bd7 5. Nf3 Bc6 6. Bd3 Nd7 7. O-O Ngf6 8. Bg5 Be7 9. Nxf6+ Nxf6 10. c3 Bxf3 11. Qxf3 c6 12. Qh3 h6 13. Rfe1 Nd5 14. Bd2 Bg5 15. Be3 Nxe3 16. fxe3 O-O 17. Rad1 Qa5 18. Bc4 Rad8 19. Qf3 Qb6 20. Re2 Rd7 21. g3 e5 22. h4 Bd8 23. Qf5 Qc7 24. Kg2 exd4 25. exd4 Re7 26. Rde1 Rxe2+ 27. Rxe2 Qd6 28. Re8 Qf6 29. Qd7 g6 30. Rxf8+ Kxf8 31. Qxb7 Bb6 32. Qd7 Kg7 33. b4 Qf5 34. Qxf5 gxf5 35. Be2 a5 36. a3 axb4 37. axb4 Kf6 38. Bf3 c5 39. dxc5 Bc7 40. Bd5 Ke7 41. b5 f6 42. b6 Be5 43. c6 1-0

[Event "Quebec op"]
[Site "Montreal CAN"]
[Date "2004.07.19"]
[Round "4"]
[White "Pepin, Christian"]
[Black "Malette, Martin"]
[Result "1/2-1/2"]
[WhiteElo "2156"]
[BlackElo "2039"]
[PlyCount "145"]
[GameId "2160767911095049"]
[EventDate "2004.07.17"]
[EventType "swiss"]
[EventRounds "9"]
[EventCountry "CAN"]

1. g3 Nf6 2. Bg2 d5 3. d4 g6 4. Nf3 Bg7 5. O-O O-O 6. Ne5 Nbd7 7. Bf4 e6 8. Bf3 c5 9. dxc5 Nxc5 10. Be3 Nfd7 11. Nxd7 Nxd7 12. Qc1 Ne5 13. Bh6 Nxf3+ 14. exf3 Qf6 15. Bxg7 Kxg7 16. Kg2 e5 17. Qe3 Re8 18. Nc3 Be6 19. Nb5 Re7 20. f4 Bd7 21. fxe5 Rxe5 22. Qd3 Bf5 23. Qd2 h5 24. h4 Bg4 25. f3 Rae8 26. Nd4 Bd7 27. c3 Qe7 28. Kf2 Bb5 29. Rfe1 Rxe1 30. Rxe1 Qxe1+ 31. Qxe1 Rxe1 32. Kxe1 Bd7 33. Kd2 Kf6 34. Ke3 Ke5 35. b3 Be8 36. g4 f6 37. gxh5 gxh5 38. f4+ Kd6 39. b4 Bd7 40. Nb3 Bb5 41. Nd4 Bd7 42. Ne2 Bg4 43. Ng3 Ke6 44. Kd4 Kd6 45. Nf1 b6 46. Ne3 Bf3 47. a3 b5 48. Nf5+ Ke6 49. Ng3 Bg4 50. Kc5 a6 51. Kb6 Bf3 52. Kc5 Bg4 53. Kd4 Kd6 54. Nf1 Be6 55. Ne3 Bf7 56. f5 Bg8 57. Ng2 Bf7 58. Nf4 Kc6 59. Nd3 Bg8 60. Ke3 Bf7 61. Nc5 Be8 62. Nxa6 Kd6 63. Nc5 Bc6 64. Kd4 Be8 65. Nd3 Bf7 66. Nf4 Kc6 67. Kd3 Kd6 68. Kd4 Kc6 69. Nd3 Be8 70. Nc5 Kd6 71. Ne6 Bf7 72. Nf4 Kc6 73. Nd3 1/2-1/2

[Event "Quebec op"]
[Site "Montreal CAN"]
[Date "2004.07.19"]
[Round "4"]
[White "Pilotte, Benoit"]
[Black "Parent, Patrick"]
[Result "1-0"]
[WhiteElo "1793"]
[BlackElo "1603"]
[PlyCount "63"]
[GameId "2160767911095050"]
[EventDate "2004.07.17"]
[EventType "swiss"]
[EventRounds "9"]
[EventCountry "CAN"]
[SourceTitle "EXT 2009"]
[Source "ChessBase"]
[SourceDate "2008.11.26"]
[SourceVersion "1"]
[SourceVersionDate "2008.11.26"]
[SourceQuality "1"]

1. f4 b6 2. e4 Bb7 3. Nc3 e6 4. a3 d5 5. exd5 exd5 6. d4 Qh4+ 7. g3 Qe7+ 8. Nge2 Nd7 9. Bg2 Ngf6 10. Qd3 O-O-O 11. f5 Ne4 12. Bf4 Nxc3 13. Qxc3 Ba6 14. Bf3 Nf6 15. Qc6 Bb7 16. Qa4 Ne4 17. Qxa7 g5 18. fxg6 hxg6 19. O-O Qe6 20. Be5 Rh7 21. Nf4 Qc6 22. Nd3 Nd2 23. Bg4+ f5 24. Rxf5 gxf5 25. Bxf5+ Rhd7 26. Bf4 Nf3+ 27. Kh1 Bd6 28. Bxd6 cxd6 29. Nb4 Qc4 30. Bd3 Qxd4 31. Na6 Re7 32. Bf5+ 1-0

[Event "Quebec op"]
[Site "Montreal CAN"]
[Date "2004.07.19"]
[Round "4"]
[White "Spicer, Christopher"]
[Black "Gagnon, Michel"]
[Result "0-1"]
[WhiteElo "1966"]
[BlackElo "2113"]
[PlyCount "58"]
[GameId "2160767911095051"]
[EventDate "2004.07.17"]
[EventType "swiss"]
[EventRounds "9"]
[EventCountry "CAN"]

1. e4 c5 2. Nf3 d6 3. d4 cxd4 4. Nxd4 Nf6 5. Nc3 g6 6. Be3 Bg7 7. Qd2 O-O 8. f3 Nc6 9. Bc4 Bd7 10. O-O-O Rc8 11. Bb3 Ne5 12. Kb1 Nc4 13. Bxc4 Rxc4 14. h4 a6 15. h5 Nxh5 16. g4 Nf6 17. Nd5 e6 18. Nxf6+ Qxf6 19. g5 Qe5 20. Qh2 Qxh2 21. Rxh2 Rfc8 22. Nb3 d5 23. Rhd2 f5 24. exd5 e5 25. Na5 Rb4 26. a3 Rb5 27. Nb3 f4 28. Bg1 Bf5 29. Rc1 Rxb3 0-1

[Event "Quebec op"]
[Site "Montreal CAN"]
[Date "2004.07.19"]
[Round "4"]
[White "Tremblay, Alain"]
[Black "Caceres Cortes, Julio"]
[Result "1-0"]
[WhiteElo "2179"]
[BlackElo "2054"]
[PlyCount "111"]
[GameId "2160767911095052"]
[EventDate "2004.07.17"]
[EventType "swiss"]
[EventRounds "9"]
[EventCountry "CAN"]

1. c4 e5 2. Nc3 Nf6 3. g3 d5 4. cxd5 Nxd5 5. Bg2 Be6 6. Nf3 Nc6 7. Qa4 Nb6 8. Qc2 Be7 9. d3 Qd7 10. Ng5 Bxg5 11. Bxg5 O-O 12. Ne4 Nd4 13. Qc1 Qa4 14. Nc3 Qc2 15. e3 Qxc1+ 16. Rxc1 Nc6 17. Bxc6 bxc6 18. Be7 Rfe8 19. Ba3 Rad8 20. Ke2 f5 21. Rhd1 Bf7 22. b3 Bh5+ 23. f3 e4 24. dxe4 Rxd1 25. Rxd1 fxe4 26. g4 exf3+ 27. Kxf3 Bf7 28. e4 a5 29. Bc5 h5 30. h3 hxg4+ 31. hxg4 Re5 32. Bd4 Rg5 33. Kf4 Rg6 34. Be5 Be6 35. g5 Nd7 36. Bxc7 Nf8 37. Na4 Nh7 38. Bd8 Bh3 39. Nc5 Bc8 40. e5 Kf7 41. Rh1 Nf8 42. Rh8 a4 43. Nxa4 Ne6+ 44. Ke3 Bb7 45. b4 Ba6 46. Nc5 Nxc5 47. bxc5 Re6 48. Ke4 Kg6 49. a4 Bc4 50. a5 Bb5 51. Rg8 Kf7 52. Rh8 Kg6 53. Rf8 Ba6 54. Bf6 gxf6 55. Rxf6+ Rxf6 56. exf6 1-0

[Event "Quebec op"]
[Site "Montreal CAN"]
[Date "2004.07.19"]
[Round "4"]
[White "Zafirov, Stephane"]
[Black "Robidas, Francois"]
[Result "1-0"]
[WhiteElo "2050"]
[BlackElo "1959"]
[PlyCount "67"]
[GameId "2160767911095053"]
[EventDate "2004.07.17"]
[EventType "swiss"]
[EventRounds "9"]
[EventCountry "CAN"]

1. e4 Nf6 2. Nc3 d5 3. exd5 Nxd5 4. Bc4 Nb6 5. Bb3 Nc6 6. a4 Nd4 7. Ba2 Bf5 8. d3 e6 9. Nge2 h5 10. a5 Nc8 11. Be3 c5 12. O-O Be7 13. Ne4 b6 14. N2g3 Bg6 15. c3 Nf5 16. Nxf5 Bxf5 17. Qf3 Nd6 18. Nxd6+ Bxd6 19. axb6 axb6 20. Qc6+ Ke7 21. Bc4 Rxa1 22. Rxa1 Qc7 23. Qxc7+ Bxc7 24. Ra7 Kd6 25. Bf4+ e5 26. Bxe5+ Kxe5 27. Rxc7 Ra8 28. Kf1 Ra1+ 29. Ke2 Rb1 30. b3 g6 31. Rc6 Rb2+ 32. Ke3 Bd7 33. Rxb6 f5 34. f4# 1-0

[Event "Quebec op"]
[Site "Montreal CAN"]
[Date "2004.07.20"]
[Round "4"]
[White "Barsov, Alexei"]
[Black "Laframboise, Marc-Andre"]
[Result "1-0"]
[WhiteElo "2497"]
[BlackElo "2094"]
[PlyCount "41"]
[GameId "2160767911095054"]
[EventDate "2004.07.17"]
[EventType "swiss"]
[EventRounds "9"]
[EventCountry "CAN"]
[SourceTitle "CBM 101 Extra"]
[Source "ChessBase"]
[SourceDate "2004.09.01"]
[SourceVersion "2"]
[SourceVersionDate "2004.09.01"]
[SourceQuality "1"]

1. d4 d5 2. c4 c6 3. Nf3 Nf6 4. e3 e6 5. Bd3 dxc4 6. Bxc4 c5 7. O-O Nc6 8. Nc3 a6 9. Bd3 Be7 10. dxc5 Bxc5 11. a3 b5 12. Qc2 Qb6 13. b4 Be7 14. Bb2 Bb7 15. Ne4 Rc8 16. Rac1 Nd5 17. Bxg7 Rg8 18. Qb2 Rd8 19. Nc5 Ndxb4 20. axb4 Nxb4 21. Bxh7 1-0